| 000 | 00403cam a2200145ua 4500 | ||
|---|---|---|---|
| 041 |
_aeng _h |
||
| 082 |
_a823.308 _bDOY/HO |
||
| 100 | _aDoyle, Arthur Conan. | ||
| 245 |
_aHound of the Baskervilles: Another adventure of Sherlock Holmes / _cArthur Conan Doyle. _hTextual Documents |
||
| 260 |
_aLondon : _bJohn Murray , _c1958. |
||
| 300 | _a248 ; . | ||
| 504 | _a | ||
| 942 | _cBK | ||
| 999 |
_c2510 _d2510 |
||